000 01536cam a2200313 ic4500
999 _c12422
_d12422
003 OSt
005 20240117123241.0
008 091127s2008 ii ab b 001 0 eng d
020 _a9788190409681
043 _aa-ii---
082 0 4 _a720.954
_222
100 1 _aThakkar, Jay,
_d1976-
_eauthor.
245 1 0 _aPrathaa:
_bKath-khuni Architecture of Himachal Pradesh
_cJay Thakkar, Skye Morrison ; advisor, Kireet Patel ; research assistant, Hardik Amin ; foreword by George Michell.
300 _a313 pages :
_billustrations (chiefly color), maps ;
_c29 cm
490 0 _a[Space making craft ;
_vv. 2]
500 _aSeries statement from jacket.
504 _aIncludes bibliographical references (page 307) and index.
505 0 _apart 1. Beginning of a journey -- part 2. Vernacular houses -- part 3. Granaries -- part 4. Temples -- part 5. End of a journey.
650 0 _aVernacular architecture
_zIndia
_zHimachal Pradesh
_vDesigns and plans.
650 0 _aArchitecture, Domestic
_zIndia
_zHimachal Pradesh
_vDesigns and plans.
650 0 _aGranaries
_zIndia
_zHimachal Pradesh
_vDesigns and plans.
650 0 _aHindu temples
_zIndia
_zHimachal Pradesh
_vDesigns and plans.
650 0 _aInterior decoration
_zIndia
_zHimachal Pradesh.
650 0 _aBuilding, Wooden
_zIndia
_zHimachal Pradesh.
650 0 _aStone houses
_zIndia
_zHimachal Pradesh.
700 1 _aMorrison, Sheila Skye,
_d1951-
_eauthor.
710 2 _aCenter for Environmental Planning and Technology University (Ahmadābād, India).
_bSID Research Cell.
942 _2ddc